Logo BPK

Bibliografia Prac Pracowników

Politechniki Koszalińskiej

Skraplanie czynnika chłodniczego w warunkach zaburzeń jednostkowych / (Rekord nr 656)

Szczegóły MARC
000 -ETYKIETA REKORDU
podpole kontrolne o stałej długości 01122naa a2200217 i 4500
001 - NUMER KONTROLNY REKORDU
podpole kontrolne 656
003 - IDENTYFIKATOR NUMERU KONTROLNEGO REKORDU
podpole kontrolne KOSZ 005
005 - DATA OSTATNIEJ MODYFIKACJI REKORDU
podpole kontrolne 20180427121826.0
008 - POLE O STAŁEJ DŁUGOŚCI - DANE KONTROLNE
podpole kontrolne o stałej długości 140222s2005 pl f |100 0 pol
040 ## - ŹRÓDŁO KATALOGOWANIA
Instytucja, która utworzyła rekord KOSZ 005
Instytucja, która sporządziła opis KOSZ 005
Instytucja, która dokonała modyfikacji KOSZ 005/HR
080 ## - UNIWERSALNA KLASYFIKACJA DZIESIĘTNA - UKD
UKD 621.56/.59
100 1# - NAZWA OSOBOWA
Nazwa osobowa BOHDAL, Tadeusz.
Lata pracy 1996 - .
Instytucja Politechnika Koszalińska - Wydział Mechaniczny,
Wydział Katedra Techniki Cieplnej i Chłodnictwa
245 10 - TYTUŁ/ODPOWIEDZIALNOŚĆ
Tytuł Skraplanie czynnika chłodniczego w warunkach zaburzeń jednostkowych /
Pozostałe elementy strefy tytułu i oznaczenia odpowiedzialności T. Bohdal, M. Łomiak.
500 ## - UWAGI OGÓLNE
Tekst uwagi Dane z bibliografii załącznikowej.
650 #0 - HASŁO PRZEDMIOTOWE W FORMIE NAZWY OGÓLNEJ LUB JEDNOSTKOWEJ
Nazwa ogólna lub geograficzna Chłodnictwo - urządzenia.
655 #0 - TERMIN INDEKSOWY - OKREŚLENIE RODZAJU/FORMY DOKUMENTU
Określnie rodzaju/formy dokumentu Materiały konferencyjne.
655 #0 - TERMIN INDEKSOWY - OKREŚLENIE RODZAJU/FORMY DOKUMENTU
Określnie rodzaju/formy dokumentu Dokumenty elektroniczne
711 22 - HASŁO DODATKOWE - NAZWA IMPREZY
Nazwa imprezy Warsztaty Modelowanie przepływów wielofazowych w układach termochemicznych
Oznaczenie części/sekcji dzieła (5 ;
Data imprezy 2005 ;
Miejsce imprezy Stawiska k/Kościerzyny, Polska).
773 0# - TYTUŁ DOKUMENTU MACIERZYSTEGO
Tytuł Modelowanie przepływów wielofazowych w układach termochemicznych zaawansowane techniki pomiarowe : V warsztaty, Stawiska k. Kościerzyny, 02-04.09.2005. -
Adres wydawniczy Gdańsk : Wydaw. Instytutu Maszyn Przepływowych PAN, 2005. -
Informacje dotyczące relacji s. 9.
ISBN 8388237950
942 ## - HASŁO DODATKOWE - ELEMENTY(KOHA)
Typ dokumentu Rozdział
Schemat klasyfikacji Uniwersalna klasyfikacja dziesiętna

Brak dostępnych egzemplarzy.

© 2014 Biblioteka Politechniki Koszalińskiej :: BIBLIOGRAFIA PRAC PRACOWNIKÓW